00224nam a2200097Ia 4500008004100000082001600041100002000057245001900077260002200096300000800118150731s2011 xx 000 0 und d a611bA 11 S aSINGH, INDERBIR aTB. OF ANATOMY bJAPYE INDIAc2011 a326